000 00545nam a2200169Ia 4500
008 090201s9999 xx 000 0 und d
010 _aKPL-39821
040 _bमराठी
041 _aमराठी
082 _a22211
_b39821
100 _aमंदाकिनी अष्टीकर
245 _aवाळूचे घर
_cमंदाकिनी अष्टीकर
260 _c2004
_bउदय दिप प्रकाशन
300 _a183
_bलहान
600 _aवाळूचे घर
942 _cBOOK
999 _c221756
_d221756